| 000 | 00685cab a2200217 4500 | ||
|---|---|---|---|
| 001 | ABS48482 | ||
| 008 | 090401t1993 xxu||||| |||| 00| 0 eng d | ||
| 035 | _a(Sirsi) u67027 | ||
| 041 | _aeng | ||
| 245 | _aBuilding professionals - Hay | ||
| 260 | _c1993 | ||
| 350 | _a0 | ||
| 490 |
_aIDS Top Pay Unit Review _v(146) April 1993, 10-11(2) |
||
| 520 | _aHay Management Consultants survey of building professional salaries shows that salary levels have dropped significantly over the last two years. | ||
| 650 | _aEMPLOYMENT | ||
| 650 | _aSALARIES | ||
| 650 | _aSURVEYORS | ||
| 690 | _aMANAGEMENT-BUSINESS MANAGEMENT-PROFESSIONAL PRACTICE | ||
| 942 | _n0 | ||
| 948 | _c04/03/1997 | ||
| 999 |
_c41913 _d41913 |
||